Controversies in political economy : selected essays of G.C. Harcourt /

Bibliographic Details
Main Author: Harcourt, G. C. (Geoffrey Colin), 1931-
Other Authors: Hamouda, O. F.
Format: Book
Language:English
Published: Washington Square, N.Y. : New York University Press, 1986.
Subjects:

MARC

Tag First Indicator Second Indicator Subfields
LEADER 00000pam a2200000 a 4500
001 in00000410421
005 20151012052743.0
008 851220s1986 nyu b s00110 eng
010 |a  85031055  
020 |a 0814734375 :  |c $40.00 
035 |a (OCoLC)13007069 
035 |9 ABU1821AM 
039 0 |a 2  |b 3  |c 3  |d 3  |e 3 
040 |a DLC  |c DLC  |d TXA  |d UtOrBLW 
049 |a TXAM  |c [A09516380] 
050 0 0 |a HB75  |b .H33 1986 
082 0 |a 330.1  |2 19 
100 1 |a Harcourt, G. C.  |q (Geoffrey Colin),  |d 1931- 
245 1 0 |a Controversies in political economy :  |b selected essays of G.C. Harcourt /  |c edited by O.F. Hamouda. 
264 1 |a Washington Square, N.Y. :  |b New York University Press,  |c 1986. 
300 |a v, 293 pages ;  |c 23 cm. 
336 |a text  |b txt  |2 rdacontent 
337 |a unmediated  |b n  |2 rdamedia 
338 |a volume  |b nc  |2 rdacarrier 
504 |a Includes bibliographies and index. 
650 0 |a Economics  |x History. 
650 0 |a Economists. 
650 0 |a Capitalism. 
650 0 |a Economic policy. 
650 0 |a Economics  |x Moral and ethical aspects. 
700 1 |a Hamouda, O. F. 
999 |a MARS 
999 f f |s f71aee3b-bf68-3090-a731-22adf242b488  |i e3acbd44-3d3e-317f-9843-e72231c8e481  |t 0 
952 f f |p ric  |a Texas A&M University  |b Rellis Campus  |c Joint Library Facility  |d Remote Storage  |t 0  |e HB75 .H33 1986  |h Library of Congress classification  |i unmediated -- volume  |m A14809516380 
998 f f |a HB75 .H33 1986  |t 0  |l Remote Storage